| 000 | 00000nam##2200000za#4500 |
| 001 | 9.687173 |
| 003 | CaOODSP |
| 005 | 20210624230846 |
| 007 | cr ||||||||||| |
| 008 | 150407|2004||||xxc|||||o f|0| 0 eng|d |
| 020 | |a0-662-38339-7 |
| 040 | |aCaOODSP|beng |
| 043 | |an-cn--- |
| 086 | 1 |aHS28-5/2004E-PDF |
| 110 | 1 |aCanada. |bHuman Resources and Skills Development Canada. |
| 245 | 13|aAn evaluation of the Sectoral Involvement in Departmental Policy Development (SIDPD) - final evaluation report |h[electronic resource] |
| 260 | |aOttawa - Ontario : |bHuman Resources and Skills Development Canada |c2004. |
| 590 | |a13-08-Supp|b2013-04-02 |
| 690 | 07|aPolicy development|2gcpds |
| 775 | 08|tÉvaluation de la Participation du secteur à l'élaboration des politiques ministérielles (PSEPM) - rapport final |w(CaOODSP)9.631634 |
| 856 | 40|ahttp://publications.gc.ca|qPDF|s647 KB|uhttps://publications.gc.ca/collections/collection_2013/rhdcc-hrsdc/HS28-5-2004-eng.pdf |
| 986 | |aSP-AH-214-03-04E |